Adventure Of A Lifetime - Coldplay (all lyrics) - Statistics

General Stats
  • This quiz has been taken 46 times
  • The average score is 143 of 235
Answer Stats
Answer % Correct
a
97%
I
97%
you
95%
you,
95%
she
89%
Like
86%
me
86%
me,
86%
me"
86%
on,"
84%
on,
84%
We
84%
your
84%
again
81%
I'm
81%
make
81%
my
81%
feel
78%
heart
78%
magic
78%
to
78%
alive
76%
beatin'
76%
"Turn
76%
are
73%
every
73%
say
73%
dream
70%
is
70%
Oh,
70%
oh,
70%
oh
70%
want
70%
Want
70%
away
68%
in
68%
this
68%
'Cause
65%
and
62%
And
62%
it
62%
she'd
62%
legends
59%
life,
59%
Said
59%
skin
59%
the
59%
day"
57%
day
57%
If
57%
if
57%
of
57%
diamonds"
54%
diamonds
54%
"Everything
54%
go
51%
that
51%
told
51%
Under
51%
under
51%
want's
49%
what
49%
yeah
49%
adventure,
46%
"Only
46%
only
46%
then
46%
got
43%
That's
43%
taking
41%
way
41%
we've
41%
with
41%
With
41%
can't
38%
through,
38%
not
35%
Now
35%
sky
35%
by
32%
get
32%
shape
32%
shape"
32%
share
32%
pressure,
30%
underneath
30%
Umi,
27%
weight
27%
light
22%
up
22%
Whoo-hoo
22%
own
14%
died
11%
Gonna
11%
hold
11%
Let's
11%
out,
11%
sing
11%
sing,
11%
half
5%
(Alive again)
3%
Whoo-hoo (whoo-hoo)
3%
No matching quizzes found
Score Distribution
Percent of People with Each Score
Percentile by Number Answered
Your Score History
You have not taken this quiz